000 00360nam a2200133Ia 4500
008 151001s9999||||xx |||||||||||||| ||und||
100 _aचि त्र्य खानोलकर
245 _aसंगीत अभोगी
250 _a1
260 _bअमेय प्रकाशन पुणे
260 _c1976
300 _a73
365 _b16
999 _c959037
_d959034